| 000 | 01529nam0a22003011 4500 | ||
|---|---|---|---|
| 001 | rc\4990557 | ||
| 005 | 20250613063157.0 | ||
| 021 |
_aRU _b[62-43068] |
||
| 035 | _a(NLR Aleph) 008987324 | ||
| 090 |
_a9224135 _c9224135 |
||
| 100 | _a20130430d1962 |||y0rusy50 ca | ||
| 101 | 0 | _arus | |
| 102 | _aRU | ||
| 105 | _aac z ||||| | ||
| 200 | 1 |
_aКонстантин Соломонович Сараджев _e[Дирижер. 1877-1954] _eСтатьи. Воспоминания _f[Сост., ред. и авт. биогр. очерка Г.Г. Тигранов] |
|
| 210 |
_aМосква _cСов. композитор _d1962 |
||
| 215 |
_a191 с., 1 л. портр. _cил. _d21 |
||
| 327 | 0 | _aРазделы: Воспоминания о К.С. Сараджеве. Из литературных материалов К.С. Сараджева | |
| 464 | 0 |
_12001#$aВоспоминания о К.С. Сараджеве _tВоспоминания о К.С. Сараджеве |
|
| 464 | 0 |
_12001#$aИз литературных материалов К.С. Сараджева _1702#1$aСараджев$bК.С.$f1877-1954$gКонстантин Соломонович$4570 _tИз литературных материалов К.С. Сараджева |
|
| 606 |
_aМузыка _2psbo |
||
| 606 |
_aДирижирование _2psbo |
||
| 702 | 1 |
_aТигранов _bГ.Г. _gГеоргий Григорьевич _4220 _4340 |
|
| 801 | 0 |
_aRU _bNLR _gpsbo |
|
| 801 | 1 |
_aRU _bELAR _2rusmarc |
|
| 852 |
_aNLR _j62-3/2891 |
||
| 942 | _cBOOK | ||
| 980 | _aNB | ||